| 000 -LEADER |
| fixed length control field |
00505nam a2200217Ia 4500 |
| 001 - CONTROL NUMBER |
| control field |
13341 |
| 003 - CONTROL NUMBER IDENTIFIER |
| control field |
GE_BSU |
| 008 - FIXED-LENGTH DATA ELEMENTS--GENERAL INFORMATION |
| fixed length control field |
181216s||||||||xx |||||||||||||| ||und|| |
| 020 ## - INTERNATIONAL STANDARD BOOK NUMBER |
| International Standard Book Number |
0752860542 |
| 040 ## - CATALOGING SOURCE |
| Transcribing agency |
GE_BSU |
| 080 ## - UNIVERSAL DECIMAL CLASSIFICATION NUMBER |
| Universal Decimal Classification number |
821.111-32.1 |
| 100 ## - MAIN ENTRY--PERSONAL NAME |
| Personal name |
Mosse,Kate. |
| 245 ## - TITLE STATEMENT |
| Title |
Labyrinth. |
| 245 ## - TITLE STATEMENT |
| Remainder of title |
Three secrets.Two women.One grail. |
| 260 ## - PUBLICATION, DISTRIBUTION, ETC. |
| Place of publication, distribution, etc. |
London. |
| 260 ## - PUBLICATION, DISTRIBUTION, ETC. |
| Name of publisher, distributor, etc. |
Orion. |
| 260 ## - PUBLICATION, DISTRIBUTION, ETC. |
| Date of publication, distribution, etc. |
2005 |
| 300 ## - PHYSICAL DESCRIPTION |
| Extent |
521p;24cm. |
| 653 ## - INDEX TERM--UNCONTROLLED |
| Uncontrolled term |
Labyrinth.Three secrets.Two women.One grail. |
| 942 ## - ADDED ENTRY ELEMENTS (KOHA) |
| Koha item type |
წიგნი |